LEADER 01404nam a2200301 u 4500 001 000000024826 003 CaOOAMICUS 005 20110829095259.0 008 950622s1948 it u000 u ita u 035 $a10631949 040 $aPUL(R)$bita 100 1 $aWetter, Gustav A.,$cS.I.$0(OLS)http://pul/name/20673 245 13$aIl materialismo dialettico sovietico /$cGustavo A. Wetter S.J. 260 $aTorino :$bGiulio Einaudi,$c1948. 300 $axxiii, 431 p. ;$c21 cm 490 1 $aSaggi ;$v94 500 $aInclude indici. 504 $aBibliografia in nota. 650 4$aMaterialismo dialettico.$0(OLS)http://pul/subject/15119 830 0$aSaggi (Einaudi) ;$v94.$0(OLS)http://pul/title/9841 850 $aPUL 852 $aPUL$W1$xDP1 Altre Collocazioni$y17$mSenza collocazione$j12$nBK-PRI$b $qStampati$B34728$CPULBib$Z2$F34728 $H $81 852 $aPUL$W1$xDP1 Fondo Giannini$y60$m1562 C 41$j34727$nBK-PRI$b $qFondi$B34727$CPULBib$Z2$F34727 $H $81 852 $aPUL$W1$xDP1 Cons. Gen., Altre Classi 1$y22$m45 D 35$j34729$nBK-PRI$b $qStampati$B34729$CPULBib$Z2$F34729 $H $81 941 1 $a1 961 $aINV: Fondo Giannini 996 $6245$aIl materialismo dialettico sovietico$9(OLS)http://pul/title/34271 996 $6260$aTorino :$bGiulio Einaudi$9(OLS)http://pul/publisher/54573 LEADER 01173nam a2200289 u 4500 001 000000032947 003 CaOOAMICUS 005 20070226112316.0 008 971024s1966 fr u000 u fre u 035 $a10774241 040 $aPUL$bita 100 1 $aLamarche, Paul,$cS.I.$0(OLS)http://pul/name/16277 245 10$aChrist vivant :$bessai sur la christologie du Nouveau Testament /$cPaul Lamarche. 260 $aParis :$bCerf,$c1966. 300 $a181 p. ;$c23 cm 490 1 $aLectio divina ;$v43 500 $aContiene indici. 504 $aBibliografia: p. [173]-174. 830 0$aLectio divina ;$v43.$0(OLS)http://pul/title/3461 850 $aPUL 852 $aPUL$W1$xSL Religione 1$y3$m9 I 43$j45310$nBK-PRI$b $qStampati$B45310$CPULBib$Z2$F45310 $H $81 852 $aPUL$W1$xDP1 Fondo Bordoni$y120$m3 D 24.43$j172273$qFondi$B173922$CPULBib$Z2$F173922 $HBor1581 $81 941 1 $a1 941 1 $a8 961 $aINV: 27609 996 $6245$aChrist vivant :$bessai sur la christologie du Nouveau Testament$9(OLS)http://pul/title/45395 996 $6260$aParis :$bCerf$9(OLS)http://pul/publisher/48238